00887aab a2200157 4500001001000000003001000010005001700020008004100037022001400078040004100092041000800133245007000141520040600211650002100617773009100638768714001CO-MdFUSB20240614111251.0170524s2000 cr ||||| |||| 00| 0 spa d a1409-1968 aCO-MdFUSBbspacCO-MdFUSBdCO-MdFUSB aspa10aCómo acercarse a las personas que parecen no necesitar a Cristo a¿Qué hacer con aquéllas personas que parecen no necesitar a Cristo? "Desde que los hombres han dejado de creer en Dios, no es que no crean en nada, creen en todo" G.K. Chesterston De qué forma puede la iglesia tomar el reto de acercarse a las personas dirigidas por el relativismo, el intelectualismo? ¿Cuáles son algunas estrategias que le van a servir a la iglesia para ser más efectiva? 0aEvangelización0 tApuntes Pastorales049442gVolumen 18, número 1 (2000), páginas 12-16qPágina 12